Normal view
MARC view
- الإمارات العربية المتحدة: مؤسسة محمد بن راشد آل مكتوم
Entry Personal Name
001 - CONTROL NUMBER
- control field: 48282
003 - CONTROL NUMBER IDENTIFIER
- control field: JO-AjAnu
005 - DATE AND TIME OF LATEST TRANSACTION
- control field: 20230606081950.0
008 - FIXED-LENGTH DATA ELEMENTS
- fixed length control field: 230606|| aca||aabn | a|a d
040 ## - CATALOGING SOURCE
- Original cataloging agency: JO-AjAnu
- Transcribing agency: JO-AjAnu
100 ## - HEADING--PERSONAL NAME
- Personal name: الإمارات العربية المتحدة: مؤسسة محمد بن راشد آل مكتوم
670 ## - SOURCE DATA FOUND
- Source citation: Work cat.: (JO-AjAnu)24701: الإمارات العربية المتحدة: مؤسسة محمد بن راشد آل مكتوم, author, تقرير المعرفة العربي للعام 2014: الشباب وتوطين المعرفة، دولة الإمارات العربية المتحدة